Enrique Florescano y la renovación de la historia económica latinoamericana /

Gespeichert in:
Bibliographische Detailangaben
1. Verfasser: Cardoso, Ciro Flamarion Santana
Format: Text
Schlagworte:
Tags: Tag hinzufügen
Keine Tags, Fügen Sie den ersten Tag hinzu!

MARC

LEADER 00000 a a2200000 04500
001 7819
003
040
100 |a Cardoso, Ciro Flamarion Santana  
245 |a Enrique Florescano y la renovación de la historia económica latinoamericana /  |c Ciro Flamarion Santana Cardoso 
650 |a HISTORIA  
773 |g número 2; páginas 180-184  
999 |c 39662  |d 39662 
773 0 |0 18875  |9 5536  |a Universidad de Costa Rica.  |d San José, Costa Rica: Universidad de Costa Rica. Consejo Superior Universitario Centroamericano, 1972-  |o 13786  |t Estudios Sociales Centroamericanos /  |x 03039676